000 00354 a2200157 4500
001 59918
020 _a9783789140204
040 _cAnchieta - Pituba
100 _aKerr, P. B.
240 1 0 _aDie kinder des dschinn
_lpor
245 1 0 _aDie kinder des dschinn
300 _a378
362 0 _a2004
650 4 _aLiteratura juvenil em alemão
942 _cBK
999 _c59918
_d59918